| 000 | 01094nam a2200325 i 4500 | ||
|---|---|---|---|
| 001 | 35058 | ||
| 003 | KOSZ 005 | ||
| 005 | 20190919132519.0 | ||
| 008 | 011010s2000 pl a f |000 0 pol d | ||
| 020 | _a8390935813 | ||
| 040 | _cBPK | ||
| 041 | w | _aplen | |
| 046 | _k2000 | ||
| 080 | _a572.087(438) | ||
| 080 | _a331.101.1(438) | ||
| 080 | _a(083.8) | ||
| 100 | 1 |
_aNowak, Ewa _eAutor |
|
| 245 | 1 | 0 |
_aAtlas antropometryczny populacji polskiej : _bdane do projektowania / _cEwa Nowak ; [tł. Anna Kryszkowsa, Jolanta Różycka]. |
| 246 | 1 | 1 | _aThe anthropometric atlas of the polish population |
| 260 |
_aWarszawa : _bInstytut Wzornictwa Przemysłowego, _c2000. |
||
| 300 | _aSkoroszyt. | ||
| 500 | _aTyt. równol.: The anthropomentric atlas of the polish population - data for design". | ||
| 504 | _aBibliogr. | ||
| 650 | 4 | _aAntropometria | |
| 650 | 4 | _aErgonomia | |
| 651 | 4 | _aPolska | |
| 655 | 4 | _aTablice i wzory | |
| 856 |
_uhttp://koha.tu.koszalin.pl/cgi-bin/koha/opac-detail.pl?biblionumber=35058 _yKatalog online BPK |
||
| 942 |
_cKA _2UKD |
||
| 999 |
_c35058 _d35058 |
||